Countries Smaller than Gulf Oil Spill Quiz Stats

 Plays Quiz not verified by Sporcle

Challenge
Share
Tweet
Embed
Score 0/79 Timer 08:00
0 Plays Today
Square Miles Country % Correct
0.17Vatican
93.1%
0.75Monaco
78.5%
998Luxembourg
78.4%
181Andorra
75.4%
62Liechtenstein
74.4%
10,710Haiti
71.3%
24San Marino
70.9%
4,244Jamaica
67.5%
290Dominica
66.8%
11,720Lesotho
65.1%
7,055Fiji
64.8%
101Saint Kitts and Nevis
64.4%
18,792Dominican Republic
63.4%
11,787Belgium
63%
5,383The Bahamas
62.8%
122Malta
62.7%
8,522Israel
61.6%
24,926Latvia
61.3%
272Singapore
61.1%
6,704Swaziland
60.6%
1,980Trinidad and Tobago
60.3%
8,867Belize
60.3%
17,462Estonia
60.3%
3,572Cyprus
60%
14,422Netherlands
59.9%
4,473Qatar
59.2%
25,200Lithuania
58.9%
6,880Kuwait
58.6%
4,203Kosovo
58.1%
176Seychelles
57.8%
21,925Togo
57.5%
27,133Ireland
57.4%
150Saint Vincent and the Grenadines
56.9%
170Barbados
56.6%
290Bahrain
55.4%
120Maldives
55.4%
13,972Taiwan
55.4%
1,093Samoa
55%
70Marshall Islands
54.9%
8.1Nauru
54.8%
Square Miles Country % Correct
10Tuvalu
54.8%
7,827Slovenia
54.6%
5,333Montenegro
54.2%
8,124El Salvador
54.1%
4,706Vanuatu
53.7%
177Palau
53.1%
9,928Republic of Macedonia
53.1%
208Saint Lucia
53.1%
14,824Bhutan
53%
15,940Switzerland
52.9%
271Federated States of Micronesia
52.8%
288Tonga
52.6%
9,000Djibouti
52.6%
25,330Sri Lanka
52.6%
4,036Lebanon
52.3%
2,226Brunei
51.8%
11,157Solomon Islands
51.7%
10,169Rwanda
50.9%
26,900Georgia
50.8%
133Grenada
50.5%
21,851Croatia
50.5%
372Sao Tome and Principe
50.3%
18,933Slovakia
50.2%
863Comoros
49.9%
280Kiribati
49.8%
13,068Moldova
49.8%
19,700Costa Rica
49.8%
171Antigua and Barbuda
49.7%
11,100Albania
49.4%
790Mauritius
48.5%
1,557Cape Verde
48.3%
11,484Armenia
48%
4,361The Gambia
47.3%
10,831Equatorial Guinea
46.7%
10,747Burundi
46.5%
19,722Bosnia and Herzegovina
46.5%
13,948Guinea - Bissau
45.7%
5,743Timor Leste
45.6%
27,700Sierra Leone
37.6%

You're not logged in!

Compare scores with friends on all Sporcle quizzes.
Join for Free
OR
Log In

You Might Also Like...

Show Comments

Extras

Top Quizzes Today


Score Distribution

Your Account Isn't Verified!

In order to create a playlist on Sporcle, you need to verify the email address you used during registration. Go to your Sporcle Settings to finish the process.

Report this User

Report this user for behavior that violates our Community Guidelines.

Details: